[Event "Portugal Open 2020"]
[Site "Lisboa POR"]
[Date "2020.01.26"]
[Round "3.2"]
[White "Tari, Aryan"]
[Black "Sarkar, Justin"]
[Result "1/2-1/2"]
[WhiteElo "2635"]
[BlackElo "2385"]
[WhiteFideId "1510045"]
[BlackFideId "2010011"]
[WhiteTitle "GM"]
[BlackTitle "IM"]
[WhiteCountry "NOR"]
[BlackCountry "USA"]
[PlyCount "39"]
[EventDate "2020.??.??"]

1. e4 e5 2. Nf3 Nc6 3. Bb5 a6 4. Ba4 Nf6 5. d3 d6 6. c4 Bg4 7. Be3 Be7 8. Nc3
O-O 9. h3 Bxf3 10. Qxf3 Nd7 11. Rd1 b5 12. Bb3 Nd4 13. Qg4 Nf6 14. Qg3 Nh5 15.
Qh2 bxc4 16. Bxc4 Nc2+ 17. Kd2 Nd4 18. Kc1 c6 19. Kb1 Rb8 20. Rd2 1/2-1/2

[Event "Portugal Open 2020"]
[Site "Lisboa POR"]
[Date "2020.01.26"]
[Round "3.3"]
[White "Bashirli, Nail"]
[Black "Grigoryan, Karen H"]
[Result "1/2-1/2"]
[WhiteElo "2379"]
[BlackElo "2632"]
[WhiteFideId "13406809"]
[BlackFideId "13301004"]
[WhiteTitle "IM"]
[BlackTitle "GM"]
[WhiteCountry "AZE"]
[BlackCountry "ARM"]
[PlyCount "91"]
[EventDate "2020.??.??"]

1. e4 c5 2. Nf3 d6 3. d4 cxd4 4. Nxd4 Nf6 5. Nc3 a6 6. Bc4 e6 7. Bb3 Nbd7 8. Bg5
Qa5 9. Qd2 Be7 10. O-O-O h6 11. Bh4 Nc5 12. Rhe1 Qc7 13. f4 Nfxe4 14. Nxe4 Bxh4
15. g3 Be7 16. Nc3 Qd8 17. Qe3 Bd7 18. Kb1 O-O 19. g4 b5 20. h4 b4 21. Ne4 Nxb3
22. axb3 d5 23. Nd2 Bxh4 24. Rh1 e5 25. fxe5 Bxg4 26. Rdg1 Bg5 27. Qd3 Qc8 28.
N2f3 f6 29. Nxg5 fxg5 30. Rxh6 Bf5 31. Nxf5 Qxf5 32. Qxd5+ Qf7 33. e6 Qf5 34.
Qh1 gxh6 35. Qxh6 Ra7 36. Rxg5+ Qxg5 37. Qxg5+ Rg7 38. Qd5 Re8 39. e7+ Rf7 40.
Qg5+ Rg7 41. Qd5+ Rf7 42. Qc4 a5 43. Qg4+ Rg7 44. Qe6+ Kh8 45. Qh6+ Kg8 46. Qe6+
1/2-1/2

[Event "Portugal Open 2020"]
[Site "Lisboa POR"]
[Date "2020.01.26"]
[Round "3.4"]
[White "Alekseev, Evgeny"]
[Black "Soham, Das"]
[Result "1-0"]
[WhiteElo "2623"]
[BlackElo "2355"]
[WhiteFideId "4138147"]
[BlackFideId "35026763"]
[WhiteTitle "GM"]
[BlackTitle "IM"]
[WhiteCountry "RUS"]
[BlackCountry "IND"]
[PlyCount "81"]
[EventDate "2020.??.??"]

1. e4 c5 2. Nf3 d6 3. Bb5+ Bd7 4. Bxd7+ Nxd7 5. O-O Ngf6 6. Qe2 Rc8 7. c3 e6 8.
d4 cxd4 9. cxd4 Nb6 10. Nc3 Be7 11. a4 O-O 12. a5 Nc4 13. a6 Qb6 14. Ra4 Na5 15.
axb7 Rc7 16. d5 Nxb7 17. dxe6 fxe6 18. Ra6 Qb4 19. Rxa7 Rfc8 20. Bd2 Qb3 21. Be3
Nc5 22. Bxc5 dxc5 23. Ra3 Qb4 24. Ra6 Rc6 25. Rfa1 Rb6 26. Rxb6 Qxb6 27. Qc4 Rb8
28. e5 Nd7 29. Ra6 Qxb2 30. Qxe6+ Kh8 31. h4 Qxc3 32. Qxe7 Qc1+ 33. Kh2 Qf4+ 34.
Kh3 Qf5+ 35. Kg3 h6 36. Ra7 Qg6+ 37. Kh2 Nf8 38. Qxc5 Ne6 39. Qc4 Rb2 40. Ra2
Nf4 41. Ra8+ 1-0

[Event "Portugal Open 2020"]
[Site "Lisboa POR"]
[Date "2020.01.26"]
[Round "3.5"]
[White "Sabuk, Piotr"]
[Black "Indjic, Aleksandar"]
[Result "0-1"]
[WhiteElo "2360"]
[BlackElo "2622"]
[WhiteFideId "1137565"]
[BlackFideId "911925"]
[WhiteTitle "IM"]
[BlackTitle "GM"]
[WhiteCountry "POL"]
[BlackCountry "SRB"]
[PlyCount "86"]
[EventDate "2020.??.??"]

1. d4 Nf6 2. c4 e6 3. Nc3 Bb4 4. f3 c5 5. d5 O-O 6. e4 d6 7. Nge2 a6 8. Nf4 exd5
9. cxd5 b5 10. a4 Ba5 11. Be2 Nbd7 12. O-O c4 13. Kh1 Rb8 14. Be3 Ne5 15. Bd4 b4
16. Nb1 Bb6 17. a5 Bxa5 18. Nd2 c3 19. Nb3 Bb6 20. bxc3 a5 21. c4 Nfd7 22. Bxb6
Qxb6 23. Qd4 Qxd4 24. Nxd4 Ra8 25. Nb5 Nc5 26. Nc7 Bd7 27. Nxa8 Rxa8 28. Rfb1 b3
29. Nd3 Nexd3 30. Bxd3 a4 31. Be2 f5 32. Kg1 Re8 33. Kf2 fxe4 34. f4 e3+ 35. Ke1
Bf5 36. Rb2 Bc2 37. Rxc2 bxc2 38. Rc1 Rb8 39. Rxc2 Rb1+ 40. Bd1 Nb3 41. Ke2 Nd4+
42. Kxe3 Nxc2+ 43. Bxc2 Rb4 0-1

[Event "Portugal Open 2020"]
[Site "Lisboa POR"]
[Date "2020.01.26"]
[Round "3.6"]
[White "Plichta, Kamil"]
[Black "Iturrizaga, Eduardo"]
[Result "0-1"]
[WhiteElo "2353"]
[BlackElo "2597"]
[WhiteFideId "1141830"]
[BlackFideId "3901211"]
[WhiteTitle "FM"]
[BlackTitle "GM"]
[WhiteCountry "POL"]
[BlackCountry "VEN"]
[PlyCount "66"]
[EventDate "2020.??.??"]

1. d4 Nf6 2. Bg5 d5 3. Bxf6 exf6 4. e3 Bd6 5. g3 O-O 6. Bg2 c6 7. Ne2 a5 8. O-O
Re8 9. Nd2 Be6 10. Nf4 Bf5 11. Bh3 Be4 12. Nxe4 dxe4 13. Ne2 g6 14. c4 f5 15. a3
Nd7 16. c5 Bc7 17. b4 Nf6 18. b5 h5 19. Nc3 Kg7 20. Qa4 Rc8 21. Rfd1 h4 22. bxc6
bxc6 23. Rab1 Rh8 24. Kg2 hxg3 25. hxg3 Rxh3 26. Kxh3 Qh8+ 27. Kg2 Qh5 28. Rg1
Ng4 29. Nd1 Rh8 30. Kf1 Nh2+ 31. Ke1 Nf3+ 32. Kf1 Nxg1 33. Kxg1 Qh1# 0-1

[Event "Portugal Open 2020"]
[Site "Lisboa POR"]
[Date "2020.01.26"]
[Round "3.7"]
[White "Petrov, Nikita"]
[Black "Taboas Rodriguez, Daniel"]
[Result "1-0"]
[WhiteElo "2592"]
[BlackElo "2348"]
[WhiteFideId "4101286"]
[BlackFideId "2208466"]
[WhiteTitle "GM"]
[BlackTitle "FM"]
[WhiteCountry "RUS"]
[BlackCountry "ESP"]
[PlyCount "55"]
[EventDate "2020.??.??"]

1. e4 e6 2. d4 d5 3. Nd2 Nc6 4. Ngf3 Nf6 5. e5 Ne4 6. c3 f5 7. exf6 Nxf6 8. Bb5
Bd6 9. O-O O-O 10. Re1 Qe8 11. Ne5 Bd7 12. Bd3 Rd8 13. Ndf3 Qh5 14. Bg5 Bxe5 15.
dxe5 h6 16. Bh4 g5 17. Bxg5 hxg5 18. exf6 g4 19. Ne5 Nxe5 20. Rxe5 Qh4 21. g3
Qxf6 22. Qxg4+ Kf7 23. Rae1 c5 24. Rxd5 Ke7 25. Rf5 Qh6 26. Rxc5 Rf6 27. Rh5 Qd2
28. Qb4+ 1-0

[Event "Portugal Open 2020"]
[Site "Lisboa POR"]
[Date "2020.01.26"]
[Round "3.8"]
[White "Rocha, Sérgio"]
[Black "Asadli, Vugar"]
[Result "0-1"]
[WhiteElo "2343"]
[BlackElo "2538"]
[WhiteFideId "1900404"]
[BlackFideId "13405764"]
[WhiteTitle "IM"]
[BlackTitle "GM"]
[WhiteCountry "POR"]
[BlackCountry "AZE"]
[PlyCount "140"]
[EventDate "2020.??.??"]

1. d4 g6 2. Nf3 Bg7 3. e4 d6 4. Bc4 e6 5. Qe2 Ne7 6. Bb3 O-O 7. h4 h5 8. Nc3 Nd7
9. e5 d5 10. Nd1 c5 11. c3 Nf5 12. Ne3 c4 13. Bc2 f6 14. Bxf5 gxf5 15. Nc2 fxe5
16. Nxe5 Nxe5 17. dxe5 f4 18. Nd4 Qc7 19. Nf3 Bd7 20. O-O Rf5 21. b3 Rc8 22. Ba3
Bxe5 23. Ng5 Bf6 24. Qxh5 Be8 25. Qh6 Qg7 26. Qxg7+ Bxg7 27. Nxe6 Bxc3 28. Rac1
Bf6 29. Rfd1 a5 30. Nd4 Rh5 31. Bd6 Rxh4 32. Nf3 Rh5 33. Bxf4 Rf5 34. Be3 Bh5
35. Nd4 Re5 36. Rd2 Bf7 37. Nb5 Be7 38. Rd4 Re4 39. bxc4 Rxd4 40. Bxd4 dxc4 41.
Rc3 Rc6 42. a4 Bb4 43. Rh3 Bg6 44. Nc3 Rd6 45. Be5 Rd2 46. f4 Kf7 47. Rh6 Bf8
48. Rh3 Bc2 49. Kh2 Bb4 50. Rg3 Ke6 51. Re3 Rd3 52. Rh3 Rd2 53. Rh6+ Kd7 54. Rh3
Bd6 55. Re3 Rd3 56. Rf3 Rxf3 57. gxf3 Ke6 58. Bxd6 Kxd6 59. Kg3 Kc5 60. Kg4 Kb4
61. Nd5+ Kxa4 62. f5 Kb3 63. Ne7 Bxf5+ 64. Nxf5 a4 65. Nd4+ Kb2 66. f4 a3 67. f5
a2 68. f6 a1=Q 69. f7 Qg1+ 70. Kf5 Qxd4 0-1

[Event "Portugal Open 2020"]
[Site "Lisboa POR"]
[Date "2020.01.26"]
[Round "3.9"]
[White "Bayramov, Zaur"]
[Black "Ten Hertog, Hugo"]
[Result "1/2-1/2"]
[WhiteElo "2333"]
[BlackElo "2503"]
[WhiteFideId "13405080"]
[BlackFideId "1026356"]
[WhiteTitle "FM"]
[BlackTitle "IM"]
[WhiteCountry "AZE"]
[BlackCountry "NED"]
[PlyCount "86"]
[EventDate "2020.??.??"]

1. c4 e6 2. Nf3 Nf6 3. d4 d5 4. Nc3 c6 5. cxd5 exd5 6. Bg5 Be7 7. e3 Bf5 8. Bd3
Ne4 9. Bxe7 Qxe7 10. Qc2 Nd7 11. Nd2 Ndf6 12. O-O O-O 13. Rfe1 Rfe8 14. f3 Nxd2
15. Qxd2 Bxd3 16. Qxd3 Rad8 17. a3 Rd6 18. Re2 Re6 19. Rae1 Nh5 20. g4 Nf6 21.
Kg2 Nd7 22. e4 dxe4 23. Rxe4 Nf8 24. d5 cxd5 25. Nxd5 Qh4 26. Rxe6 Nxe6 27. Re4
Rd8 28. Qe3 h5 29. h3 Rc8 30. Qf2 Qd8 31. Nc3 Qd6 32. Qe3 Rd8 33. Ne2 Qd1 34.
gxh5 Rd3 35. Qxa7 Rd2 36. Kf2 Qh1 37. Qb8+ Kh7 38. Qg3 Rd1 39. Ke3 Nc5 40. Rg4
Ne6 41. Re4 Nc5 42. Rg4 Ne6 43. Re4 Nc5 1/2-1/2

[Event "Portugal Open 2020"]
[Site "Lisboa POR"]
[Date "2020.01.26"]
[Round "3.10"]
[White "Veiga, Francisco"]
[Black "Haldorsen, Benjamin"]
[Result "1/2-1/2"]
[WhiteElo "2312"]
[BlackElo "2463"]
[WhiteFideId "1930087"]
[BlackFideId "1512633"]
[WhiteTitle "FM"]
[BlackTitle "IM"]
[WhiteCountry "POR"]
[BlackCountry "NOR"]
[PlyCount "85"]
[EventDate "2020.??.??"]

1. e4 c5 2. Nf3 Nc6 3. d4 cxd4 4. Nxd4 Nf6 5. Nc3 d6 6. Bg5 e6 7. Qd2 a6 8.
O-O-O Bd7 9. f4 h6 10. Bxf6 Qxf6 11. Nf3 Qd8 12. Bd3 Be7 13. Rhe1 Qc7 14. g4
O-O-O 15. h4 Kb8 16. Kb1 Rc8 17. g5 Na5 18. Qe3 hxg5 19. hxg5 Nc4 20. Bxc4 Qxc4
21. Rh1 Rxh1 22. Rxh1 g6 23. Qd3 Qc5 24. Rh7 Be8 25. f5 Bd8 26. fxg6 fxg6 27.
Nd4 Qe5 28. Nf3 Qc5 29. Nd4 Qe5 30. Nf3 Qf4 31. Ne2 Qf8 32. Ned4 Qg8 33. Rh1 e5
34. Ne2 Qe6 35. Nc3 Ba5 36. Nd5 Bb5 37. Qa3 Bd8 38. Rh7 Bc4 39. Ne3 Be2 40. Nd5
Bc4 41. Ne3 Be2 42. Nd5 Bc4 43. Ne3 1/2-1/2

[Event "Portugal Open 2020"]
[Site "Lisboa POR"]
[Date "2020.01.26"]
[Round "3.11"]
[White "Janik, Igor"]
[Black "Esquivias Quintero, Luis Manuel"]
[Result "1-0"]
[WhiteElo "2453"]
[BlackElo "2318"]
[WhiteFideId "1159259"]
[BlackFideId "32018215"]
[WhiteTitle "IM"]
[BlackTitle "FM"]
[WhiteCountry "POL"]
[BlackCountry "ESP"]
[PlyCount "67"]
[EventDate "2020.??.??"]

1. d4 Nf6 2. c4 c5 3. d5 b5 4. cxb5 a6 5. e3 Bb7 6. Nc3 axb5 7. Bxb5 Qa5 8. Bd2
Qb6 9. Qb3 e6 10. Bc4 Qxb3 11. Bxb3 Na6 12. Nf3 Nxd5 13. Nxd5 Bxd5 14. Bxd5 exd5
15. Ke2 f6 16. a3 Rb8 17. Bc3 Kf7 18. Rhd1 Ke6 19. Rd2 Nc7 20. Rad1 Ra8 21. g3
Be7 22. Nh4 Rhb8 23. f4 Rb3 24. Rc2 g5 25. f5+ Kd6 26. Nf3 Kc6 27. Bb4 Kb5 28.
Nd2 Rxb4 29. axb4 c4 30. b3 Bxb4 31. bxc4+ dxc4 32. Nxc4 d5 33. Nb2 Ra2 34. Rdc1
1-0

[Event "Portugal Open 2020"]
[Site "Lisboa POR"]
[Date "2020.01.26"]
[Round "3.12"]
[White "Chkhaidze, Nikoloz"]
[Black "Martín Duque, Jesus"]
[Result "0-1"]
[WhiteElo "2288"]
[BlackElo "2447"]
[WhiteFideId "13601750"]
[BlackFideId "2208954"]
[WhiteTitle "FM"]
[BlackTitle "IM"]
[WhiteCountry "GEO"]
[BlackCountry "ESP"]
[PlyCount "70"]
[EventDate "2020.??.??"]

1. d4 Nf6 2. c4 e6 3. Nc3 Bb4 4. Qc2 b6 5. e4 c5 6. e5 Bxc3+ 7. bxc3 cxd4 8.
cxd4 Ng8 9. Nf3 Bb7 10. a3 Bxf3 11. gxf3 Ne7 12. Bd3 Nbc6 13. Bb2 Rc8 14. Qe2
O-O 15. d5 Na5 16. Rg1 Ng6 17. Qe4 Nb3 18. Rd1 Nc5 19. Qd4 Nxd3+ 20. Rxd3 Qh4
21. Qxh4 Nxh4 22. Rg4 Nf5 23. dxe6 dxe6 24. Rd7 Ra8 25. c5 bxc5 26. Ra4 a6 27.
Rc7 Rfb8 28. Bc3 h5 29. Kf1 Rb1+ 30. Kg2 g5 31. f4 g4 32. h3 Rd8 33. hxg4 hxg4
34. f3 gxf3+ 35. Kf2 Rdd1 0-1

[Event "Portugal Open 2020"]
[Site "Lisboa POR"]
[Date "2020.01.26"]
[Round "3.13"]
[White "Stachowiak, Kamil"]
[Black "Risting, Eivind Olav"]
[Result "1-0"]
[WhiteElo "2446"]
[BlackElo "2306"]
[WhiteFideId "1119966"]
[BlackFideId "1517333"]
[WhiteTitle "IM"]
[BlackTitle "FM"]
[WhiteCountry "POL"]
[BlackCountry "NOR"]
[PlyCount "99"]
[EventDate "2020.??.??"]

1. Nf3 f5 2. d4 Nf6 3. g3 g6 4. Bg2 Bg7 5. O-O O-O 6. b3 d6 7. Bb2 c6 8. Nbd2 a5
9. a4 Na6 10. Ne1 Qc7 11. Nd3 Nb4 12. Re1 Re8 13. Nxb4 axb4 14. e4 fxe4 15. Nxe4
Nxe4 16. Bxe4 d5 17. Bg2 Bf5 18. Qd2 Qd6 19. h3 Rad8 20. a5 e5 21. dxe5 Rxe5 22.
Bxe5 Bxe5 23. g4 Bxa1 24. Rxa1 Bc8 25. Qe3 Rf8 26. Rd1 Be6 27. Qb6 Qf4 28. Rf1
Bc8 29. a6 bxa6 30. Qxc6 d4 31. Qc4+ Kh8 32. Qxb4 h5 33. Rd1 hxg4 34. Qxd4+ Qxd4
35. Rxd4 gxh3 36. Bxh3 Bxh3 37. Rh4+ Kg7 38. Rxh3 Rc8 39. c4 Kf6 40. Kf1 Ke5 41.
Rd3 Rb8 42. Ke2 Kf4 43. Kd2 g5 44. Kc3 g4 45. c5 a5 46. Kc4 Ke4 47. Re3+ Kf4 48.
c6 Rb4+ 49. Kc5 Rb8 50. c7 1-0

[Event "Portugal Open 2020"]
[Site "Lisboa POR"]
[Date "2020.01.26"]
[Round "3.14"]
[White "Fidalgo, André"]
[Black "Campora, Daniel"]
[Result "1-0"]
[WhiteElo "2282"]
[BlackElo "2420"]
[WhiteFideId "1933620"]
[BlackFideId "100013"]
[WhiteTitle "NM"]
[BlackTitle "GM"]
[WhiteCountry "POR"]
[BlackCountry "ARG"]
[PlyCount "114"]
[EventDate "2020.??.??"]

1. d4 Nf6 2. Nf3 d6 3. c4 Bg4 4. Nc3 Bxf3 5. exf3 e6 6. Bd3 Be7 7. Be3 O-O 8.
Qb3 b6 9. d5 Nbd7 10. O-O e5 11. Qd1 g6 12. f4 exf4 13. Bxf4 Re8 14. Bc2 Nh5 15.
Be3 Bf6 16. Ba4 Re7 17. Rc1 a6 18. b4 Qf8 19. Ne2 a5 20. Bc6 Ra7 21. bxa5 Rxa5
22. a4 Bb2 23. Rb1 Bg7 24. Nd4 Nb8 25. Bb5 Ra8 26. Nf5 gxf5 27. Qxh5 Nd7 28. Bg5
Nf6 29. Qh4 Re4 30. Qh3 h6 31. Bxf6 Bxf6 32. Qxf5 Qe7 33. Rb3 Qe5 34. Rg3+ Bg7
35. Rf3 Qxf5 36. Rxf5 Rf8 37. g3 Re5 38. Rxe5 dxe5 39. c5 bxc5 40. a5 Rb8 41.
Bc4 Rb4 42. Ra1 e4 43. Ra2 Rb7 44. a6 Ra7 45. Bb5 c4 46. Bxc4 Bd4 47. Bb5 c6 48.
Bxc6 Rc7 49. Ra4 Ba7 50. Rxe4 Kg7 51. Rc4 Re7 52. Rc2 Re1+ 53. Kg2 Rd1 54. Rb2
Bd4 55. Rb4 Bc5 56. Rb5 Bd4 57. d6 Ra1 1-0

[Event "Portugal Open 2020"]
[Site "Lisboa POR"]
[Date "2020.01.26"]
[Round "3.15"]
[White "Dâmaso, Rui"]
[Black "Hill, Alistair"]
[Result "1/2-1/2"]
[WhiteElo "2420"]
[BlackElo "2217"]
[WhiteFideId "1900030"]
[BlackFideId "432407"]
[WhiteTitle "IM"]
[WhiteCountry "POR"]
[BlackCountry "ENG"]
[PlyCount "33"]
[EventDate "2020.??.??"]

1. e4 e6 2. d4 d5 3. exd5 exd5 4. Nf3 Nf6 5. Bd3 Bd6 6. Qe2+ Be6 7. Ng5 Qe7 8.
O-O Nc6 9. Nxe6 fxe6 10. c3 e5 11. Bg5 O-O 12. Qc2 e4 13. Be2 h6 14. Be3 Qe6 15.
c4 Qf5 16. cxd5 Nb4 17. Qb3 1/2-1/2

[Event "Portugal Open 2020"]
[Site "Lisboa POR"]
[Date "2020.01.26"]
[Round "3.16"]
[White "Gahan, M G"]
[Black "Butkiewicz, Lukasz"]
[Result "0-1"]
[WhiteElo "2245"]
[BlackElo "2416"]
[WhiteFideId "5027373"]
[BlackFideId "1122428"]
[WhiteTitle "FM"]
[BlackTitle "IM"]
[WhiteCountry "IND"]
[BlackCountry "POL"]
[PlyCount "114"]
[EventDate "2020.??.??"]

1. e4 c5 2. c3 Nf6 3. e5 Nd5 4. d4 cxd4 5. cxd4 d6 6. Nf3 Nc6 7. Bc4 Nb6 8. Bb5
dxe5 9. Nxe5 Bd7 10. Nxd7 Qxd7 11. Nc3 e6 12. O-O a6 13. Bxc6 Qxc6 14. Re1 Bb4
15. d5 Nxd5 16. Qxd5 Qxd5 17. Nxd5 Bxe1 18. Nc7+ Kd7 19. Bf4 Bb4 20. Nxa8 Rxa8
21. a3 Ba5 22. Rd1+ Ke7 23. Bd6+ Ke8 24. b4 Bb6 25. Kf1 Rc8 26. Be5 f6 27. Bg3
e5 28. f4 exf4 29. Bxf4 Rc2 30. Re1+ Kf7 31. Be3 Bc7 32. Bc5 Be5 33. Rd1 Ke6 34.
Rd8 Ra2 35. Re8+ Kd5 36. Re7 b5 37. Rxg7 Rxa3 38. Rxh7 a5 39. h4 a4 40. h5 Ra1+
41. Ke2 Kc4 42. Ra7 Rh1 43. g4 Kb3 44. Ra5 a3 45. Rxb5 a2 46. Ra5 a1=Q 47. Rxa1
Bxa1 48. Kf3 f5 49. g5 Rxh5 50. Kf4 Kc4 51. Kxf5 Kd5 52. Be7 Rh1 53. b5 Rf1+ 54.
Kg6 Ke6 55. Bd8 Rf8 56. Bc7 Rg8+ 57. Kh7 Rg7+ 0-1

[Event "Portugal Open 2020"]
[Site "Lisboa POR"]
[Date "2020.01.26"]
[Round "3.17"]
[White "Savanovic, Aleksandar"]
[Black "Silich, Yahor"]
[Result "1/2-1/2"]
[WhiteElo "2414"]
[BlackElo "2158"]
[WhiteFideId "914932"]
[BlackFideId "13513656"]
[WhiteTitle "IM"]
[BlackTitle "FM"]
[WhiteCountry "BIH"]
[BlackCountry "BLR"]
[PlyCount "37"]
[EventDate "2020.??.??"]

1. e4 c5 2. Nf3 Nc6 3. d4 cxd4 4. Nxd4 g6 5. c4 Bg7 6. Be3 Nf6 7. Nc3 O-O 8. Be2
d6 9. O-O Bd7 10. Qd2 Nxd4 11. Bxd4 Bc6 12. f3 a5 13. b3 Nd7 14. Be3 Nc5 15.
Rab1 e6 16. Rfd1 Be5 17. Qe1 Qe7 18. Nb5 b6 19. Nd4 1/2-1/2

[Event "Portugal Open 2020"]
[Site "Lisboa POR"]
[Date "2020.01.26"]
[Round "3.18"]
[White "Balbuena Fuentes, Mario"]
[Black "Goluch, Piotr"]
[Result "0-1"]
[WhiteElo "2234"]
[BlackElo "2413"]
[WhiteFideId "32017880"]
[BlackFideId "1137840"]
[WhiteTitle "FM"]
[BlackTitle "IM"]
[WhiteCountry "ESP"]
[BlackCountry "POL"]
[PlyCount "68"]
[EventDate "2020.??.??"]

1. Nf3 Nf6 2. b3 d5 3. Bb2 c5 4. e3 Nc6 5. Bb5 Bd7 6. O-O e6 7. c4 Bd6 8. cxd5
exd5 9. d4 cxd4 10. Nxd4 O-O 11. Nc3 Nxd4 12. Qxd4 Re8 13. Bxd7 Be5 14. Qd2 Qxd7
15. Rad1 Rac8 16. Nb1 Ne4 17. Qe2 Rc6 18. Bxe5 Rxe5 19. Rc1 Rg6 20. Kh1 h5 21.
Nc3 Nf6 22. Nb5 d4 23. a4 a6 24. Na3 d3 25. Qd1 Reg5 26. g3 Qd5+ 27. f3 h4 28.
e4 Qd4 29. g4 d2 30. Rc8+ Kh7 31. h3 Qd6 32. Nc4 Qg3 33. Ne3 Qxh3+ 34. Kg1 Nxg4
0-1

[Event "Portugal Open 2020"]
[Site "Lisboa POR"]
[Date "2020.01.26"]
[Round "3.19"]
[White "Sousa, André V"]
[Black "Borges, Guilherme Deola"]
[Result "1-0"]
[WhiteElo "2391"]
[BlackElo "2134"]
[WhiteFideId "1917617"]
[BlackFideId "2109085"]
[WhiteTitle "IM"]
[WhiteCountry "POR"]
[BlackCountry "BRA"]
[PlyCount "59"]
[EventDate "2020.??.??"]

1. e4 c5 2. Nf3 e6 3. d4 cxd4 4. Nxd4 a6 5. c4 Nf6 6. Nc3 Bb4 7. Qd3 Nc6 8. Nxc6
dxc6 9. e5 Nd7 10. Bf4 O-O 11. Be2 Qa5 12. Qg3 f6 13. exf6 Bxc3+ 14. bxc3 Rxf6
15. O-O e5 16. Bg5 Rf8 17. Bh6 Rf7 18. Bh5 Re7 19. Bg5 Re6 20. Rad1 h6 21. Bh4
Nf6 22. Bg6 e4 23. Rd2 Nh5 24. Rfd1 Re8 25. Qe3 Bg4 26. f3 exf3 27. Bxe8 f2+ 28.
Rxf2 Bxd1 29. Qe6+ Kh7 30. Qg6+ 1-0

[Event "Portugal Open 2020"]
[Site "Lisboa POR"]
[Date "2020.01.26"]
[Round "3.20"]
[White "Marzano, Carlo"]
[Black "Vasli, Aref"]
[Result "0-1"]
[WhiteElo "2078"]
[BlackElo "2391"]
[WhiteFideId "802980"]
[BlackFideId "417521"]
[BlackTitle "FM"]
[WhiteCountry "ITA"]
[BlackCountry "IRI"]
[PlyCount "104"]
[EventDate "2020.??.??"]

1. d4 Nf6 2. c4 e6 3. Nf3 c5 4. d5 exd5 5. cxd5 d6 6. Nc3 g6 7. Bf4 a6 8. a4 Bg7
9. e3 O-O 10. Be2 Re8 11. Nd2 Nbd7 12. Bxd6 Nb6 13. Bxc5 Nfxd5 14. Nxd5 Nxd5 15.
Ba3 Bf5 16. O-O Rxe3 17. fxe3 Nxe3 18. Qc1 Rc8 19. Nc4 b5 20. axb5 axb5 21. Nxe3
Rxc1 22. Raxc1 Bd4 23. Bc5 Bxc5 24. Rxc5 Qd4 25. Rxb5 Qxe3+ 26. Rf2 Be4 27. Rb8+
Kg7 28. Rc8 Qb6 29. Bf1 h5 30. Rc4 f5 31. Rc3 h4 32. Ra3 Qd4 33. Rc3 g5 34. g3
g4 35. Bg2 Bd3 36. gxh4 Kg6 37. Bf1 Be4 38. Bg2 Bb1 39. Bf1 Kh5 40. Rc4 Qe3 41.
Rc3 Qb6 42. Bd3 Bxd3 43. Rxd3 f4 44. Kf1 Qb5 45. Rfd2 Qc6 46. Kg1 Qc1+ 47. Kg2
Qe1 48. Rf2 Qe4+ 49. Rdf3 Kxh4 50. h3 gxf3+ 51. Rxf3 Qe2+ 52. Rf2 f3+ 0-1

[Event "Portugal Open 2020"]
[Site "Lisboa POR"]
[Date "2020.01.26"]
[Round "3.21"]
[White "Ghamarian, Tigran"]
[Black "Santos, António P"]
[Result "1-0"]
[WhiteElo "2603"]
[BlackElo "2152"]
[WhiteFideId "13301527"]
[BlackFideId "1900161"]
[WhiteTitle "GM"]
[BlackTitle "FM"]
[WhiteCountry "FRA"]
[BlackCountry "POR"]
[PlyCount "65"]
[EventDate "2020.??.??"]

1. e4 c5 2. Nf3 d6 3. Bb5+ Nd7 4. Ba4 Ngf6 5. O-O e6 6. Re1 Be7 7. c3 O-O 8. d4
b6 9. Nbd2 Bb7 10. Bc2 cxd4 11. cxd4 Rc8 12. Nf1 d5 13. e5 Ne4 14. Ng3 Nxg3 15.
hxg3 Ba6 16. Bf4 Nb8 17. g4 Nc6 18. a3 Qd7 19. g3 f6 20. Kg2 fxe5 21. dxe5 d4
22. Be4 d3 23. Rh1 h6 24. Bxh6 Rxf3 25. Qxf3 Nxe5 26. Qf4 Nf7 27. Bh7+ Kf8 28.
Bg6 Bb7+ 29. Kg1 Bd6 30. Qf6 gxh6 31. Rxh6 Ke8 32. Rh7 Be7 33. Qh8+ 1-0

[Event "Portugal Open 2020"]
[Site "Lisboa POR"]
[Date "2020.01.26"]
[Round "3.22"]
[White "Spraggett, Kevin"]
[Black "Pastor Alonso De Prado, Alberto"]
[Result "1-0"]
[WhiteElo "2501"]
[BlackElo "2074"]
[WhiteFideId "2600013"]
[BlackFideId "2255740"]
[WhiteTitle "GM"]
[WhiteCountry "CAN"]
[BlackCountry "ESP"]
[PlyCount "87"]
[EventDate "2020.??.??"]

1. e4 d6 2. d4 Nf6 3. Nc3 e5 4. Nf3 Nbd7 5. g3 Be7 6. Bg2 O-O 7. O-O c6 8. a4 b6
9. b3 Bb7 10. Bb2 Qc7 11. Re1 a6 12. Nb1 Rfe8 13. Nbd2 Bf8 14. c3 b5 15. Qc2 c5
16. d5 g6 17. Bf1 Qb6 18. Bc1 Bh6 19. h3 Rab8 20. Qa2 Ra8 21. Nh4 Bg7 22. Ng2
Nh5 23. Ne3 Rf8 24. Qc2 Rab8 25. Nf3 Ndf6 26. Bd2 Kh8 27. Ra2 Ng8 28. Rea1 f5
29. axb5 f4 30. Nc4 Qd8 31. g4 axb5 32. Na3 Nhf6 33. Nxb5 Nxe4 34. Qxe4 Nf6 35.
Qc2 Bxd5 36. Nh2 Bc6 37. c4 d5 38. Ra6 Bd7 39. Nd6 Rb6 40. cxd5 Nxd5 41. Ne4 Nb4
42. Bxb4 Rxb4 43. Rd6 Rf7 44. Bc4 0-1

[Event "Portugal Open 2020"]
[Site "Lisboa POR"]
[Date "2020.01.26"]
[Round "3.23"]
[White "Türk, Philipp"]
[Black "Jaracz, Pawel"]
[Result "0-1"]
[WhiteElo "2106"]
[BlackElo "2466"]
[WhiteFideId "4628152"]
[BlackFideId "1102222"]
[BlackTitle "GM"]
[WhiteCountry "GER"]
[BlackCountry "POL"]
[PlyCount "54"]
[EventDate "2020.??.??"]

1. e4 c5 2. b3 g6 3. Bb2 Nf6 4. Nc3 Bg7 5. Nd5 O-O 6. Nxf6+ exf6 7. Be2 Re8 8.
d3 d5 9. exd5 Qxd5 10. Kf1 Nc6 11. Bf3 Qd6 12. Bxc6 Qxc6 13. Qf3 Qd6 14. Ne2 Bd7
15. Qf4 Qe6 16. Re1 b5 17. Bc3 Qa6 18. a3 Re6 19. h4 Rae8 20. h5 g5 21. Qc1 h6
22. f3 c4 23. dxc4 bxc4 24. b4 f5 25. Bxg7 Kxg7 26. Qb2+ c3 27. Qxc3+ Kg8 0-1

[Event "Portugal Open 2020"]
[Site "Lisboa POR"]
[Date "2020.01.26"]
[Round "3.24"]
[White "Mihajlov, Sebastian"]
[Black "Lopes, João Pedro"]
[Result "1-0"]
[WhiteElo "2374"]
[BlackElo "2030"]
[WhiteFideId "1512110"]
[BlackFideId "1902210"]
[WhiteTitle "IM"]
[WhiteCountry "NOR"]
[BlackCountry "POR"]
[PlyCount "79"]
[EventDate "2020.??.??"]

1. d4 d5 2. c4 e6 3. Nc3 Nf6 4. Nf3 Be7 5. Bf4 c6 6. e3 O-O 7. Qc2 Qa5 8. Nd2
Na6 9. a3 Bb4 10. Bd3 Bxc3 11. bxc3 Qd8 12. c5 Nc7 13. c4 h6 14. O-O Nce8 15. h3
Nh5 16. Bh2 f5 17. Nf3 g5 18. Ne5 Nhg7 19. Rad1 Qf6 20. f3 h5 21. Qf2 Qh6 22. h4
gxh4 23. Qxh4 Qf6 24. Bg3 Qxh4 25. Bxh4 Nf6 26. Rb1 dxc4 27. Nxc4 Nd5 28. Rfe1
b5 29. Ne5 Bb7 30. e4 fxe4 31. fxe4 Nf4 32. Bc2 a5 33. Rb2 b4 34. g3 Nh3+ 35.
Kg2 Nf2 36. Nd7 Rf7 37. Nf6+ Rxf6 38. Bxf6 Ng4 39. Bxg7 Kxg7 40. axb4 1-0

[Event "Portugal Open 2020"]
[Site "Lisboa POR"]
[Date "2020.01.26"]
[Round "3.25"]
[White "Guerreiro, Nuno"]
[Black "González Trigal, Jose Luis"]
[Result "1/2-1/2"]
[WhiteElo "2071"]
[BlackElo "2369"]
[WhiteFideId "1903012"]
[BlackFideId "2212420"]
[BlackTitle "IM"]
[WhiteCountry "POR"]
[BlackCountry "ESP"]
[PlyCount "80"]
[EventDate "2020.??.??"]

1. Nf3 Nf6 2. g3 d5 3. Bg2 c5 4. O-O Nc6 5. d4 e6 6. b3 Be7 7. Bb2 O-O 8. Nbd2
b6 9. c4 cxd4 10. Nxd4 Bb7 11. cxd5 Nxd5 12. Ne4 Rc8 13. Rc1 Re8 14. Nxc6 Rxc6
15. Rxc6 Bxc6 16. Qd4 Bf8 17. Rc1 Bb5 18. Bf1 Qe7 19. Nc3 Nxc3 20. Qxc3 Rd8 21.
Qe5 Rd5 22. Qb8 Rd8 23. Qe5 Ba6 24. Rc7 Rd7 25. Rxd7 Qxd7 26. h4 f6 27. Qd4 Qxd4
28. Bxd4 e5 29. Bc3 Kf7 30. e4 Bxf1 31. Kxf1 h5 32. Ke2 Ke6 33. Kd3 Bc5 34. Be1
b5 35. f3 f5 36. Ke2 a6 37. Bd2 g6 38. Kf1 Be7 39. Ke2 Bd8 40. Kf1 Be7 1/2-1/2